| 000 | 00613nam a2200217Ia 4500 | ||
|---|---|---|---|
| 003 | GCL | ||
| 008 | 140319s9999 xx 000 0 ara d | ||
| 040 |
_aGCL / _cGCL |
||
| 082 | 0 | 4 |
_a811.9 _bط ش |
| 100 | 1 | _aطه وادى | |
| 245 | 1 | 0 |
_aشعر شوقى الغنائى والمسرحى / _cطه وادى |
| 260 |
_a[S.N] : _bدار المعارف ، _c1993 |
||
| 300 | _a273 ص | ||
| 490 | _a | ||
| 650 | 0 | 4 | _aالشعر العربى |
| 650 | 0 | 4 | _aالادب العربى |
| 650 | 0 | 4 | _aالشعر الغنائى |
| 650 | 0 | 4 | _aالشعر المسرحى |
| 650 | 0 | 4 | _aاحمد شوقى |
| 942 |
_2ddc _cBK |
||
| 999 |
_c55765 _d55765 |
||